00699nam a2200229Ia 45000010006000000050017000060070003000230080041000260400025000670410008000920820022001001000025001222450053001472500014002002600042002143000019002566530020002756530014002959420012003099520131003219990017004523250120240114001608.0ta060826s1985 g b000 u 346 u aCotton College,Assam a346 a891.443bPi 64 Si aPillai, Sivshankar . 0aChingri /cSivshankar Pillai.hTextual Documents a2nd ed. / aNew Delhi :bSahitya Academy ,c1985. a265p. ;c22cm. aBengali Fiction aG-Bengali 2ddccBK 001040708Circulation (G)aSKBLbSKBLd2012-02-01f00000l0o891.443 Pi 64 Sip85909r2024-01-14 00:00:00t1w2012-02-01yBK c32483d32483